Soupis repertoáru Národního divadla v Praze

Korporativní autor: Národní divadlo v Praze
Jazyk: Čeština
Vydáno: Praha : Národní divadlo, 1983-1993
Vydání: 1. vyd.
Externí odkaz: Digitalizovaný dokument
Fyzický popis: 4 sv. ; 21 cm
Odebírané svazky: 1-4
Knihy
Uloženo v:
LEADER 01880nam a2200409 aa4500
001 000469513
003 CZ BrMZK
005 20220519123602.0
007 ta
008 000105m19831993xr f cze d
015 |a cnb000160502  |z cnb000084004 
020 |q (Brož.) 
035 |a (OCoLC)85673947 
040 |a ABA001  |b cze  |c ABA001  |d ABA001 
072 7 |a 782  |x Divadelní hudba. Opera, opereta, muzikál  |2 Konspekt  |9 9 
072 7 |a 792  |x Divadlo. Divadelní představení  |2 Konspekt  |9 3 
080 9 |a 792.028(437-2Praha)(083.81) 
110 2 |a Národní divadlo v Praze  |7 kn20010709463 
245 1 0 |a Soupis repertoáru Národního divadla v Praze 
246 3 0 |a Soupis repertoáru Národního divadla v Praze 1881-1983 
246 3 0 |a Soupis repertoáru Národního divadla v Praze 1983-1993 
246 1 8 |a Soupis repertoáru ND 
250 |a 1. vyd. 
260 |a Praha :  |b Národní divadlo,  |c 1983-1993 
300 |a 4 sv. ;  |c 21 cm 
505 0 |a díl 1. Soupis repertoáru 1881-1920. 356 s. -- díl 2. Soupis repertoáru 1920-1983. 462 s. --díl 3. Rejstříky a pomocné přehledy. 299 s.-- díl 4. 1983-1993. 112 s. 
856 4 1 |u https://www.digitalniknihovna.cz/mzk/uuid/uuid:e6ad78a0-0ba0-11e6-93aa-005056827e51  |x NDK  |y Digitalizovaný dokument 
910 |a BOA001  |b 2-0870.593  |s 1-4 
920 |a 001103394 
920 |a 000469515 
920 |a 000011200 
990 |a BK 
991 |b 201011 
996 7 |b 2610008555  |c 2-0870.593  |d Díl 4.  |v 4  |l MZK  |r Sklad / do 1 hodiny  |n 6  |p p.v.  |w 000469513  |u 000040  |a 1  |e BOA001  |j MZK50  |s A 
996 7 |b 2619754717  |c 2-0870.593  |d Díl 1.  |v 1  |l MZK  |r Sklad / do 1 hodiny  |n 15  |w 000469513  |u 000010  |a 1  |e BOA001  |j MZK50  |s A 
996 7 |b 2619754718  |c 2-0870.593  |d Díl 3.  |v 3  |l MZK  |r Sklad / do 1 hodiny  |n 12  |w 000469513  |u 000030  |a 1  |e BOA001  |j MZK50  |s A 
996 7 |b 2619784061  |c 2-0870.593  |d Díl 2.  |v 2  |l MZK  |r Sklad / do 1 hodiny  |n 5  |w 000469513  |u 000050  |a 1  |e BOA001  |j MZK50  |s A